Soil testing : (Record no. 7054)
[ view plain ]
| 000 -LEADER | |
|---|---|
| fixed length control field | 00582nam a2200169 a 4500 |
| 020 ## - INTERNATIONAL STANDARD BOOK NUMBER | |
| ISBN | 8170081378 (paperback) |
| 020 ## - INTERNATIONAL STANDARD BOOK NUMBER | |
| ISBN | 9788170081371 (paperback) |
| 100 1# - MAIN ENTRY--AUTHOR NAME | |
| Personal name | Apparao, K.V.S. |
| 245 10 - TITLE STATEMENT | |
| Title | Soil testing : |
| 260 ## - PUBLICATION, DISTRIBUTION, ETC. (IMPRINT) | |
| Place of publication | [S.l.] : |
| Name of publisher | Laxmi Publications, |
| Year of publication | 2005. |
| 300 ## - PHYSICAL DESCRIPTION | |
| Number of Pages | 154 p. ; |
| 700 1# - ADDED ENTRY--PERSONAL NAME | |
| Personal name | Rao, V.C.S. |
| 856 40 - ELECTRONIC LOCATION AND ACCESS | |
| Uniform Resource Identifier | http://www.amazon.com/exec/obidos/ASIN/8170081378/chopaconline-20 |
| Withdrawn status | Lost status | Collection code | Home library | Current library | Date acquired | Cost, normal purchase price | Full call number | Accession Number | Koha item type |
|---|---|---|---|---|---|---|---|---|---|
| Lost and Paid For | Central Library, QUEST, Nawabshah | Central Library, QUEST, Nawabshah | 18/06/2014 | 150.00 | 624.15APP | 30029 | Books | ||
| Central Library, QUEST, Nawabshah | Central Library, QUEST, Nawabshah | 18/06/2014 | 150.00 | 624.15APP | 30030 | Books | |||
| Central Library, QUEST, Nawabshah | Central Library, QUEST, Nawabshah | 18/06/2014 | 150.00 | 624.15APP | 30031 | Books | |||
| Reference | Reference Section | Reference Section | 18/06/2014 | 150.00 | 624.15APP (Shelf - 70A) | 30027 | Books | ||
| Reference | Reference Section | Reference Section | 18/06/2014 | 150.00 | 624.15APP (Shelf - 70A) | 30028 | Books | ||
| Seminar Library, Civil Engg. | Seminar Library, Civil Engg. | 30/06/2014 | 250.00 | 624.15APP | 32480 | Books |